000 04697cam a2200301 i 4500
001 15689
003 DO-SdUEMH
005 20260123183345.0
007 ta
008 211105s2002 dr |||gr|||| 000 0 spa|d
020 _a9993486310
040 _aDO-SdUEMH
_bspa
_erda
041 _aspa
082 1 4 _mRD
_aRD 327.197293
_bL358v
084 _b08-00381
100 _aLatorre, Eduardo
_eaut
245 4 0 _aLos viajes del canciller /
_cEduardo Latorre ; edición al cuidado: Ana E. Martínez
260 _c2002
264 0 1 _aSanto Domingo :
_bImpreso en Omnimedia,
_c2002
300 _a458 páginas ;
_c22 cm.
336 _2rdacontent
_atexto
_btxt
337 _2rdamedia
_asin mediación
_bn
338 _2rdacarrier
_avolumen
_bnc
504 _aBibliografías en página 457
505 1 _aIntroducción -- Primera parte: 1996 -- El canciller en Puerto Príncipe, Haití -- El canciller en Nueva York -- El presidente en Nueva York -- El presidente en Santiago de Chile -- El canciller en San José, Costa Rica -- El vicepresidente en Santa Cruz, Bolivia -- El presidente en Miami -- El canciller en La Habana, Cuba -- El vicepresidente en Guatemala -- Segunda parte: 1997 -- El presidente en Managua, Nicaragua -- El presidente en Caracas, Venezuela -- El presidente en Saint John, Antigua y Barbuda -- El canciller en Taipei, República de China -- El canciller en Kingston, Jamaica -- El canciller en Washington, D.C. -- El canciller en Puerto España, Trinidad y Tobago -- El presidente en Miami y Atlanta -- El presidente en San José, Costa Rica -- El vicepresidente en Bridgetown, Barbados -- El canciller en Lima, Perú -- El presidente en Montego Bay, Jamaica -- El presidente en Panamá -- El canciller en La Paz, Bolivia -- El presidente en México -- El canciller en Managua, Nicaragua -- El canciller en Nueva York -- El presidente en Isla Margarita, Venezuela -- El canciller en Panamá, Cartagena y Bogotá, Colombia -- El canciller en Miami -- Tercera parte: 1998 -- El presidente en Tegucigalpa, Honduras -- El canciller en San José, Costa Rica, Nassau, Bahamas y Washington, D.C. -- El vicepresidente en Saint George, Granada -- El canciller en Puerto España, Trinidad y Tobago, y La Habana, Cuba -- El presidente en Santiago de Chile -- El canciller en Bogotá, Colombia -- El vicepresidente en San José, Costa Rica -- El canciller en Caracas, Venezuela -- El presidente en Nueva York y Washington, D.C. -- El presidente en Puerto Príncipe, Haití -- El canciller en Castries, Santa Lucía -- El canciller en Jerusalén, Israel, y Lisboa, Portugal -- El vicepresidente en Kingston, Jamaica -- El vicepresidente en Bogotá, Colombia y Quito, Ecuador -- El presidente en San Juan, Puerto Rico -- El canciller en Durban y Ciudad del Cabo, Sudáfrica -- El canciller en Nueva York -- El vicepresidente en Oporto, Portugal -- El canciller en Bridgetown, Barbados -- Cuarta parte: 1999 -- El presidente en Europa -- El vicepresidente en Kingston, Jamaica -- El presidente en Caracas, Venezuela -- El vicepresidente en Tegucigalpa, Honduras -- El canciller en Dakar, Senegal -- El canciller en México -- El vicepresidente en Paramaribo, Surinam -- El presidente en Antigua, Guatemala -- El canciller en Georgetown, Guyana y las Antillas Menores -- El canciller en Nueva York -- El canciller en Taipei, República de China -- El presidente en San Salvador, El Salvador -- El canciller en Guatemala -- El canciller en Johannesburgo y Pretoria, Sudáfrica -- El presidente en Río de Janeiro, Brasil -- El canciller en Nueva York -- El vicepresidente en Puerto España, Trinidad -- El canciller en Argel, Argelia -- El canciller en Bruselas, Ginebra y Madrid -- El presidente en Bogotá, Colombia y Panamá -- El presidente en Estados Unidos y Taipei, República de China -- El vicepresidente en África -- El vicepresidente en Guatemala -- El presidente en La Habana, Cuba -- El canciller en Buenos Aires, Argentina -- El vicepresidente en Panamá -- Quinta parte: 2000 -- El vicepresidente en Guatemala -- El canciller en el Medio Oriente -- El presidente en Asia -- El canciller en Vilamoura, Portugal -- El presidente en Pointe-à-Pitre, Guadalupe -- El canciller en Nueva Orleans -- El canciller en San José, Costa Rica y Cartagena, Colombia -- El vicepresidente en La Habana, Cuba -- El canciller en Bogotá, Colombia -- El canciller en Londres, Reino Unido -- El canciller en Windsor, Canadá -- El presidente en Cartagena, Colombia -- El vicepresidente en Ginebra, Suiza -- Comentario final -- Anexos -- Información geográfica: ciudades y países visitados -- Nota sobre los acompañantes en los viajes -- Siglas -- Bibliografía.
942 _2ddc
_cBK
_n0
999 _c15689
_d15689